Environmental management (Record no. 395732)
[ view plain ]
| 000 -LEADER | |
|---|---|
| fixed length control field | 00645 a2200241 4500 |
| 005 - DATE & TIME | |
| control field | 20260202164111.0 |
| 008 - FIXED-LENGTH DATA ELEMENTS--GENERAL INFORMATION | |
| fixed length control field | 260202b |||||||| |||| 00| 0 eng d |
| 020 ## - ISBN | |
| International Standard Book Number | 9788170358220 |
| Price | Rs. 2995.00 |
| 040 ## - CATALOGING SOURCE | |
| Original cataloging agency | VIVEKANANDA LIBRARY |
| 082 ## - DDC NUMBER | |
| Classification number | 363.7 |
| Book Number | K527E |
| 100 ## - MAIN ENTRY--PERSONAL NAME | |
| Personal name | Khanna, D R, ed. |
| 245 ## - TITLE STATEMENT | |
| Title | Environmental management |
| 260 ## - PUBLICATION, DISTRIBUTION, ETC. (IMPRINT) | |
| Name of publisher, distributor, etc | Daya Publishing House |
| Date of publication, distribution, etc | 2024 |
| Place of publication, distribution, etc | New Delhi |
| 300 ## - PHYSICAL DESCRIPTION | |
| Pages | ix, 333 |
| 650 ## - Subject | |
| Subject | Environmental Science |
| 650 ## - Subject | |
| Subject | Natural Resources |
| 650 ## - Subject | |
| Subject | Disaster Management |
| 700 ## - Added Entry Personal Name | |
| Added Entry Personal Name | Chopra, A K, ed. |
| 700 ## - Added Entry Personal Name | |
| Added Entry Personal Name | Vikas singh, ed. |
| 700 ## - Added Entry Personal Name | |
| Added Entry Personal Name | Bhutiani, R, ed. |
| 700 ## - Added Entry Personal Name | |
| Added Entry Personal Name | Matta, Gagan, ed. |
| 942 ## - ADDED ENTRY ELEMENTS (KOHA) | |
| Koha item type | Books |
| Withdrawn status | Lost status | Source of classification or shelving scheme | Damaged status | Not for loan | Location (home branch) | Sublocation or collection (holding branch) | Shelving location | Date acquired | Koha issues (times borrowed) | Koha full call number | Accession No. | Koha date last seen | Koha item type |
|---|---|---|---|---|---|---|---|---|---|---|---|---|---|
| Dewey Decimal Classification | VIVEKANANDA LIBRARY | VIVEKANANDA LIBRARY | Vivekananda Library | 07/01/2026 | 363.7 K527E | 444007 | 07/01/2026 | Books | |||||
| Dewey Decimal Classification | VIVEKANANDA LIBRARY | VIVEKANANDA LIBRARY | Vivekananda Library | 07/01/2026 | 363.7 K527E | 444006 | 07/01/2026 | Books |
